000 00310nam a2200145Ia 4500
100 _aRobert Ireson
650 _aGeneral
942 _cBK
654 _aCar HB.
245 _aCar Hand Book.
260 _bThe english danguape book society.
_c2001
082 _a629.2222
300 _a379
546 _aENGLISH
999 _c29443
_d29443